MARC

LEADER 00000nas a2200000 a 4500
001 ssj0009452
003 WaSeSS
005 20200512172242.0
006 m d
007 cr n
008 001113c19649999nyuqr pss 0 a0eng c
010 |a  2001212195  |z sn 97023244  
015 |a 17,O11  |2 dnb 
016 7 |a 020270437  |2 DE-101 
016 7 |a 2010091-7  |2 DE-600 
016 7 |a 015791349  |2 Uk 
022 |a 1533-7790  |l 0070-3370  |y 0070-3370 
024 8 |a pq23899 
035 |a (WaSeSS)ssj0009452 
040 |a JHE  |b eng  |c JHE  |d OCL  |d NSD  |d EYM  |d OCLCQ  |d KSU  |d OCLCQ  |d UKMGB  |d WEA  |d OCLCQ  |d BUF  |d OCLCF  |d OCLCO  |d OCLCE  |d UMC  |d FIE  |d CCO  |d VT2  |d EUW  |d OCLCQ  |d OCLCO  |d OCLCQ  |d DEBBG  |d DEFHM  |d OCLCO  |d OCLCA  |d OCLCQ  |d OCLCA  |d WT2  |d ZAC  |d GWDNB  |d GILDS  |d OCLCQ  |d U3W  |d VNS  |d BRL  |d UOK  |d CEF  |d TOF  |d OCLCO  |d WYU  |d OCLCA  |d UAB  |d LIP  |d XFH  |d AUD  |d DLC  |d RDF  |d OCLCQ  |d WaSeSS 
042 |a nsdp  |a pcc  |a dlr 
050 0 0 |a HB881.A1 
060 0 |a W1 DE136K 
082 1 0 |a 304  |2 13 
130 0 |a Demography (Online) 
210 0 |a Demography  |b (Online) 
222 0 |a Demography  |b (Online) 
245 1 0 |a Demography  |h [electronic resource]. 
260 |a Chicago :  |b Population Association of America 
260 3 |3 2011- :  |a [New York] :  |b Springer US 
310 |a Quarterly,  |b 1969- 
321 |a One issue,  |b 1964 
321 |a Two issues per year,  |b 1966-1968 
362 1 |a Print began in 1964. 
506 |a License restrictions may limit access. 
538 |a Master and use copy. Digital master created according to Benchmark for Faithful Digital Reproductions of Monographs and Serials, Version 1. Digital Library Federation, December 2002.  |u http://purl.oclc.org/DLF/benchrepro0212  |5 MiAaHDL 
538 |a Mode of access: World Wide Web. 
583 1 |a digitized  |c 2010  |h HathiTrust Digital Library  |l committed to preserve  |2 pda  |5 MiAaHDL 
588 0 |a Vol. 37, no. 4 (Nov. 2000); title from title screen (viewed Nov. 9, 2000). 
588 1 |a Vol. 56, issue 3 (Jun. 2019) (Springer Link, viewed Jul. 26, 2019). 
650 0 |a Demography  |v Periodicals. 
650 2 |a Demography. 
650 6 |a Démographie  |v Périodiques. 
650 7 |a Demography.  |2 fast  |0 (OCoLC)fst00890158 
650 7 |a Demographie  |2 gnd 
650 7 |a Zeitschrift  |2 gnd 
650 7 |a Online-Ressource  |2 gnd 
650 1 7 |a Demografie.  |2 gtt 
650 1 7 |a DEMOGRAPHY.  |2 unbist 
655 0 |a Electronic journals. 
710 2 |a Population Association of America. 
776 0 8 |i Print version:  |t Demography  |x 0070-3370  |w (DLC) 64009434  |w (OCoLC)1566147 
850 |a DLC 
856 4 0 |z Full text available from Research Library: 02/01/1995 to 11/30/2010  |u https://search.proquest.com/publication/35817 
856 4 0 |z Full text available from Research Library: 02/01/2011 to present  |u https://search.proquest.com/publication/1596381